00434nam a2200145Ia 4500008004100000020001800041082001400059100002300073245002000096260001200116500001000128942000700138952012800145999001500273260604s9999 xx 000 0 und d a9780141014630 a523.1 KAK aMichio kaku935914 0aParallel Worlds bPenguin aWorld cBK 00104070aIIMVbIIMVcGENERALd2026-06-04g699.00l0o523.1 KAKp004372r2026-06-04 10:21:30v699.00w2026-06-04yBKBKAK c8754d8754